| 000 | 00495nam a22001337a 4500 | ||
|---|---|---|---|
| 999 |
_c11309 _d11309 |
||
| 008 | 181116b ||||| |||| 00| 0 eng d | ||
| 082 | _aDPer 050 T48 Apr-June 2016 v. 187, n. 12-24. | ||
| 100 |
_932542 _aForoohar, Rana |
||
| 245 |
_aThe Panama papers expose the secret world of the 1%/ _cRana Foroohar and Matt Vella. |
||
| 260 |
_aHong Kong; _bTime Asia, _cc2016. |
||
| 300 |
_av187 n14, pages 5-6: _billustrations; _c27 cm. |
||
| 650 | 0 |
_932543 _aNews agencies _xPanama papers. |
|
| 942 |
_2ddc _cPER |
||